History Quiz

Random History or Nation Quiz

World Leaders: Multiple Choice VII Quiz Stats

 Plays Quiz Updated Mar 3, 2019

Score 0/20 Timer 04:00
8 Plays Today
Question Answer Wrong Answers
Mikhail Gorbachev Soviet Union
98.2%
Finland
0.3%
South Korea
0.2%
Serbia
1.2%
Franklin Delano Roosevelt United States
98%
Canada
0.1%
United Kingdom
1.1%
Samoa
0.1%
Julius Caesar Rome
97.6%
Greece
1.8%
Russia
0.2%
England
0.1%
Giovanni Giolitti Italy
97.2%
Austria
0.5%
Greece
1%
Turkey
0.6%
Stanisław August Poniatowski Poland
96%
Holy Roman Empire
1.5%
Iceland
1%
Wales
0.4%
Neville Chamberlain United Kingdom
94.8%
United States
0.8%
Canada
2.3%
Netherlands
1%
Yitzhak Rabin Israel
93.6%
Saudi Arabia
2.9%
Nigeria
0.9%
Norway
1.3%
Manuel I the Fortunate Portugal
87.6%
England
1.8%
France
5.4%
Egypt
3.4%
Augusto Pinochet Chile
84.5%
Mexico
3.9%
Cuba
2.9%
Spain
7.3%
Kurt Georg Kiesinger Germany
83.2%
Poland
4.7%
Namibia
7.5%
Sudan
2.4%
Stefan Dušan Serbia
83.2%
France
9.8%
Italy
0.8%
Bangladesh
4.2%
Darius I Persia
80.5%
Greece
14.6%
India
1.1%
Indonesia
1.6%
Ranjit Singh Sikh Empire
77%
Achaemenid Empire
3.7%
Siam
8.3%
Malaysia
8.7%
Pol Pot Kampuchea
72.4%
India
2.9%
Japan
2.1%
Philippines
20.9%
Seleucus I Nicator Seleucid Empire
71.7%
Roman Empire
9.1%
Mongol Empire
8.6%
Zulu Empire
7.9%
Robert Menzies Australia
56.2%
Mozambique
21.4%
Ireland
9.4%
Saint Kitts and Nevis
10.4%
Toussaint Louverture Haiti
55.5%
France
37.8%
Philippines
1.1%
Madagascar
2.9%
Shivaji India
55.3%
Japan
17.1%
Tuvalu
15.8%
Zambia
8.5%
Musa I Mali
54.3%
Egypt
31.3%
Italy
1.1%
South Africa
10.4%
Song Taizhu China
48.2%
Thailand
18.9%
Singapore
13.6%
Nepal
16.3%

You're not logged in!

Compare scores with friends on all Sporcle quizzes.
OR
Log In

You Might Also Like...

Show Comments

Extras

Top Quizzes Today


Score Distribution

Your Account Isn't Verified!

In order to create a playlist on Sporcle, you need to verify the email address you used during registration. Go to your Sporcle Settings to finish the process.

Report this User

Report this user for behavior that violates our Community Guidelines.

Details: